[Event "Mallorca-chT Preferente"]
[White "Fuster Orfila, Xim"]
[Black "Trillo Figueroa Vidal, Antonio"]
[Site "Palma de Mallorca"]
[Round "1.5"]
[Result "0-1"]
[Date "2020.02.01"]
[WhiteElo "1956"]
[BlackElo "1682"]
[PlyCount "45"]
[EventDate "2020.02.01"]
[EventType "team-tourn"]
[EventRounds "9"]
[EventCountry "ESP"]
[SourceTitle "CBM 195 Extra"]
[Source "ChessBase"]
[SourceDate "2020.05.31"]
[SourceVersion "1"]
[SourceVersionDate "2020.05.31"]
[SourceQuality "1"]
[WhiteTeam "Son Dameto"]
[BlackTeam "Maria Salut"]
[WhiteTeamCountry "ESP"]
[BlackTeamCountry "ESP"]

1. e4 d5 2. exd5 Qxd5 3. Nc3 Qd6 4. d4 Nf6 5. Nf3 Bg4 6. Be2 c6 7. 0-0 e6 8. Ne5 Bxe2 9. Nxe2 Be7 10. Bf4 Qd8 11. c4 0-0 12. Qb3 Qc8 13. Rac1 Nbd7 14. Qf3 Nxe5 15. Bxe5 Qd7 16. Rfd1 Ne8 17. Nc3 Bd6 18. Ne4 Bxe5 19. dxe5 Qc7 20. Nc5 Rd8 21. Rxd8 Qxd8 22. Rd1 Qb6 23. b3 0-1

[Event "Mallorca-ch Amateur"]
[White "Rojo Pocovi, Jaume"]
[Black "Trillo Figueroa Vidal, Antonio"]
[Site "Mallorca"]
[Round "2.5"]
[Result "0-1"]
[Date "2019.04.19"]
[WhiteElo "1303"]
[BlackElo "1681"]
[PlyCount "26"]
[EventDate "2019.04.19"]
[EventType "swiss"]
[EventRounds "6"]
[EventCountry "ESP"]
[SourceTitle "EXT 2024"]
[Source "ChessBase"]
[SourceDate "2023.10.10"]
[SourceVersion "1"]
[SourceVersionDate "2023.10.10"]
[SourceQuality "1"]

1. d4 d5 2. c4 c6 3. Nc3 Nf6 4. Bg5 dxc4 5. e4 b5 6. b4 h6 7. Bh4 g5 8. Bg3 Bg7 9. Nf3 a5 10. bxa5 Qxa5 11. Qd2 b4 12. Nd1 Nxe4 13. Qc2 b3+ 0-1

[Event "Santa Margalida Mallorca-ch"]
[White "Ferrer Mygina, Juan"]
[Black "Trillo Figueroa Vidal, Antonio"]
[Site "Santa Margalida"]
[Round "6"]
[Result "0-1"]
[Date "2016.11.26"]
[WhiteElo "1608"]
[BlackElo "1742"]
[PlyCount "82"]
[EventDate "2016.11.11"]
[EventType "swiss"]
[EventRounds "8"]
[EventCountry "ESP"]
[SourceTitle "EXT 2018"]
[Source "ChessBase"]
[SourceDate "2017.10.13"]
[SourceVersion "1"]
[SourceVersionDate "2017.10.13"]
[SourceQuality "1"]

1. d4 Nf6 2. Bf4 g6 3. Nf3 Bg7 4. e3 d6 5. Be2 0-0 6. h3 c5 7. 0-0 cxd4 8. exd4 b6 9. Nbd2 Bb7 10. c3 Nbd7 11. Qc2 Rc8 12. Rfe1 Re8 13. Rad1 a6 14. a3 b5 15. Bg5 Nb6 16. Bd3 Nbd5 17. Ne4 Qc7 18. Qd2 Nxe4 19. Bxe4 Nf6 20. Bxb7 Qxb7 21. Bh6 Qd5 22. Bxg7 Kxg7 23. Qg5 Qb3 24. Rd2 h6 25. Qg3 Qd5 26. Rde2 e6 27. Nd2 Nh5 28. Qf3 Qxf3 29. Nxf3 Nf6 30. Nd2 d5 31. g4 g5 32. Kg2 Rh8 33. f3 h5 34. Rf2 Rh6 35. Ref1 Rch8 36. f4 gxf4 37. Rxf4 hxg4 38. h4 Rg6 39. Rh1 Rh5 40. Kg3 Rh8 41. b4 Nh5+ 0-1

[Event "Campos Migjorn op"]
[White "Trillo Figueroa Vidal, Antonio"]
[Black "Aguado Doncel, Pablo Luis"]
[Site "Campos"]
[Round "8"]
[Result "1/2-1/2"]
[Date "2016.10.01"]
[WhiteElo "1758"]
[BlackElo "1514"]
[PlyCount "95"]
[EventDate "2016.09.09"]
[EventType "swiss"]
[EventRounds "8"]
[EventCountry "ESP"]
[SourceTitle "EXT 2017"]
[Source "ChessBase"]
[SourceDate "2016.10.25"]
[SourceVersion "1"]
[SourceVersionDate "2016.10.25"]
[SourceQuality "1"]

1. e4 e5 2. Nf3 Nf6 3. Nc3 Bb4 4. Bc4 0-0 5. d3 Nc6 6. 0-0 Bxc3 7. bxc3 d5 8. exd5 Nxd5 9. Bxd5 Qxd5 10. h3 b6 11. c4 Qd7 12. Bb2 f6 13. Re1 Nd4 14. Nxd4 exd4 15. Re4 c5 16. Qe2 Bb7 17. Re7 Qc6 18. Qe6+ Qxe6 19. Rxe6 Rfe8 20. Rae1 Kf7 21. Rxe8 Rxe8 22. Rxe8 Kxe8 23. Bc1 Bc6 24. Kf1 Ba4 25. Ke2 Bxc2 26. Bf4 Kd7 27. Kd2 Bb1 28. a3 Kc6 29. a4 a6 30. h4 h5 31. Bb8 g5 32. hxg5 fxg5 33. f4 gxf4 34. Bxf4 b5 35. axb5+ axb5 36. cxb5+ Kxb5 37. Be5 Kc6 38. g3 Ba2 39. Bb8 Be6 40. Be5 Kd5 41. Bb8 Bd7 42. Bc7 Bb5 43. Bb8 c4 44. dxc4+ Bxc4 45. Bc7 Ke4 46. Bb8 Bb5 47. Bc7 d3 48. Bb8 1/2-1/2

[Event "Mallorca-chT Preferente"]
[White "Trillo Figueroa Vidal, Antonio"]
[Black "Sanabria Macias, Anselmo"]
[Site "Mallorca"]
[Round "7.5"]
[Result "0-1"]
[Date "2016.03.15"]
[WhiteElo "1770"]
[BlackElo "1854"]
[PlyCount "54"]
[EventDate "2016.03.01"]
[EventType "team-tourn"]
[EventRounds "9"]
[EventCountry "ESP"]
[SourceTitle "EXT 2024"]
[Source "ChessBase"]
[SourceDate "2023.10.10"]
[SourceVersion "1"]
[SourceVersionDate "2023.10.10"]
[SourceQuality "1"]
[WhiteTeam "Maria Salut"]
[BlackTeam "Alcudia"]
[WhiteTeamCountry "ESP"]
[BlackTeamCountry "ESP"]

1. e4 c5 2. Nf3 Nc6 3. d4 cxd4 4. Nxd4 Nf6 5. Nc3 Qc7 6. Be3 a6 7. Be2 d6 8. 0-0 e6 9. a4 Be7 10. Nxc6 bxc6 11. a5 Nd7 12. f4 0-0 13. Qe1 Rb8 14. Na4 c5 15. f5 Bb7 16. fxe6 fxe6 17. Rxf8+ Nxf8 18. Nc3 Bf6 19. Bf3 Bc6 20. b3 Ng6 21. Ra2 Qb7 22. Bd2 Ne5 23. Qg3 c4 24. Qh3 Bd7 25. Na4 cxb3 26. cxb3 Qxb3 27. Rb2 Nxf3+ 0-1

[Event "Mallorca-chT Preferente"]
[White "Trillo Figueroa Vidal, Antonio"]
[Black "Rodriguez Garcia, Jesus"]
[Site "Mallorca"]
[Round "6.6"]
[Result "0-1"]
[Date "2016.03.13"]
[WhiteElo "1770"]
[BlackElo "1894"]
[PlyCount "86"]
[EventDate "2016.03.01"]
[EventType "team-tourn"]
[EventRounds "9"]
[EventCountry "ESP"]
[SourceTitle "EXT 2024"]
[Source "ChessBase"]
[SourceDate "2023.10.10"]
[SourceVersion "1"]
[SourceVersionDate "2023.10.10"]
[SourceQuality "1"]
[WhiteTeam "Maria Salut"]
[BlackTeam "Tropic"]
[WhiteTeamCountry "ESP"]
[BlackTeamCountry "ESP"]

1. e4 c5 2. Nf3 e6 3. d4 cxd4 4. Nxd4 a6 5. c4 Nf6 6. Nc3 Qc7 7. a3 Be7 8. Bd3 d6 9. 0-0 Bd7 10. Be3 Nc6 11. f4 0-0 12. Rc1 Rfd8 13. Nxc6 Bxc6 14. Qb3 Nd7 15. f5 Nc5 16. Bxc5 dxc5 17. Qc2 Qe5 18. Ne2 Rd7 19. fxe6 fxe6 20. Rcd1 Rf8 21. Rxf8+ Bxf8 22. Rf1 Bd6 23. g3 Be7 24. Rf3 Bf6 25. Nc3 Qh5 26. Be2 Qh6 27. Rd3 Bd4+ 28. Kg2 Qg6 29. Bf3 Rf7 30. Qe2 Qg5 31. Qd2 Qf6 32. b4 b6 33. b5 axb5 34. Nxb5 Bxe4 35. Nxd4 Bxd3 36. Qxd3 cxd4 37. Qe4 g6 38. h4 Kg7 39. a4 e5 40. g4 Qf4 41. Qd5 Qe3 42. g5 d3 43. Be4 Rf2+ 0-1

[Event "Mallorca-chT Preferente"]
[White "Asensio Ramos, Diego"]
[Black "Trillo Figueroa Vidal, Antonio"]
[Site "Mallorca"]
[Round "5.6"]
[Result "1-0"]
[Date "2016.03.12"]
[WhiteElo "1693"]
[BlackElo "1770"]
[PlyCount "33"]
[EventDate "2016.03.01"]
[EventType "team-tourn"]
[EventRounds "9"]
[EventCountry "ESP"]
[SourceTitle "EXT 2024"]
[Source "ChessBase"]
[SourceDate "2023.10.10"]
[SourceVersion "1"]
[SourceVersionDate "2023.10.10"]
[SourceQuality "1"]
[WhiteTeam "Blau Escacs Calvia"]
[BlackTeam "Maria Salut"]
[WhiteTeamCountry "ESP"]
[BlackTeamCountry "ESP"]

1. d4 Nf6 2. Bf4 d5 3. e3 e6 4. Nf3 Bd6 5. Bg3 0-0 6. Nbd2 Nbd7 7. Bd3 Re8 8. Ne5 Nf8 9. h4 c5 10. c3 c4 11. Bc2 g6 12. Qf3 Qe7 13. h5 Nxh5 14. Bh4 Qc7 15. Ba4 Bxe5 16. Bxe8 Bh8 17. Bd8 1-0

[Event "Mallorca-chT Preferente"]
[White "Trillo Figueroa Vidal, Antonio"]
[Black "Juan Mas, Santiago"]
[Site "Mallorca"]
[Round "1.6"]
[Result "0-1"]
[Date "2016.03.01"]
[WhiteElo "1770"]
[BlackElo "1949"]
[PlyCount "88"]
[EventDate "2016.03.01"]
[EventType "team-tourn"]
[EventRounds "9"]
[EventCountry "ESP"]
[SourceTitle "EXT 2024"]
[Source "ChessBase"]
[SourceDate "2023.10.10"]
[SourceVersion "1"]
[SourceVersionDate "2023.10.10"]
[SourceQuality "1"]
[WhiteTeam "Maria Salut"]
[BlackTeam "Son Dameto"]
[WhiteTeamCountry "ESP"]
[BlackTeamCountry "ESP"]

1. e4 c5 2. Nf3 g6 3. d4 cxd4 4. Nxd4 Bg7 5. Nc3 Nc6 6. Be3 Nf6 7. Bc4 0-0 8. Nxc6 bxc6 9. Bb3 Ba6 10. f3 d6 11. Qd2 Nd7 12. 0-0-0 Qa5 13. Nb1 Qxd2+ 14. Nxd2 Nb6 15. c3 c5 16. h4 c4 17. Bc2 e5 18. h5 Rad8 19. hxg6 hxg6 20. Bh6 Bxh6 21. Rxh6 Kg7 22. Rdh1 Nd7 23. Nf1 Nf6 24. Ne3 Bb7 25. Nxc4 Nh5 26. R1xh5 gxh5 27. Rxd6 Rxd6 28. Nxd6 Ba6 29. c4 Rd8 30. c5 Bf1 31. g3 Kf6 32. Kd2 Ke7 33. Ke1 Bh3 34. Bb3 Rb8 35. Kf2 Be6 36. f4 Bxb3 37. Nf5+ Kd7 38. axb3 Rxb3 39. Ng7 Rxb2+ 40. Kf3 Rb3+ 41. Kf2 exf4 42. Nxh5 fxg3+ 43. Nxg3 Rxg3 44. Kxg3 a5 0-1

[Event "Mallorca La Goleta U2200"]
[White "Crespi Lopez, Juan Josep"]
[Black "Trillo Figueroa Vidal, Antonio"]
[Site "Palma de Mallorca"]
[Round "7"]
[Result "1-0"]
[Date "2012.08.25"]
[WhiteElo "1963"]
[BlackElo "1818"]
[PlyCount "57"]
[EventDate "2012.08.10"]
[EventType "swiss"]
[EventRounds "7"]
[EventCountry "ESP"]
[SourceTitle "EXT 2014"]
[Source "ChessBase"]
[SourceDate "2013.11.20"]
[SourceVersion "1"]
[SourceVersionDate "2013.11.20"]
[SourceQuality "1"]

1. d4 Nf6 2. Bg5 Ne4 3. Bf4 d5 4. f3 Nf6 5. e4 dxe4 6. Nc3 c6 7. fxe4 e6 8. a3 Be7 9. Nf3 0-0 10. Bc4 Nbd7 11. 0-0 Nb6 12. Bd3 g6 13. Kh1 Nh5 14. Bh6 Ng7 15. Qe1 Qc7 16. e5 Rd8 17. Ne4 Nf5 18. Bg5 Nd5 19. c4 Bxg5 20. Nfxg5 Nde3 21. Nf6+ Kg7 22. Rf3 h6 23. Nge4 Qb6 24. Rxe3 Nxe3 25. Qxe3 Qxb2 26. Rf1 Qxd4 27. Qf3 Rf8 28. Ne8+ Kh7 29. Qf6 1-0

[Event "Mallorca-chT Preferente"]
[White "Trillo Figueroa Vidal, Antonio"]
[Black "Shen, Yue"]
[Site "Palma de Mallorca"]
[Round "5.1"]
[Result "0-1"]
[Date "2012.03.03"]
[WhiteElo "1790"]
[BlackElo "2070"]
[PlyCount "68"]
[EventDate "2012.01.28"]
[EventType "team"]
[EventRounds "9"]
[EventCountry "ESP"]
[SourceTitle "EXT 2014"]
[Source "ChessBase"]
[SourceDate "2013.11.20"]
[SourceVersion "1"]
[SourceVersionDate "2013.11.20"]
[SourceQuality "1"]
[WhiteTeam "Maria Salut"]
[BlackTeam "La Balanguera"]
[WhiteTeamCountry "ESP"]
[BlackTeamCountry "ESP"]

1. e4 c5 2. Nf3 d6 3. d4 cxd4 4. Nxd4 Nf6 5. Nc3 a6 6. Bc4 e6 7. Bb3 Nbd7 8. Be3 Nc5 9. f3 Be7 10. 0-0 0-0 11. Nde2 b5 12. a3 Nxb3 13. cxb3 Bb7 14. Qe1 d5 15. e5 Nd7 16. f4 Re8 17. Nd4 b4 18. Na4 a5 19. Qg3 Qb8 20. Rfc1 Ra6 21. Nb5 Rc6 22. Rxc6 Bxc6 23. Nd4 Bxa4 24. bxa4 bxa3 25. bxa3 Qb2 26. Qe1 Bc5 27. Qd1 Nb6 28. Nc2 d4 29. Bf2 Rd8 30. Rb1 Qc3 31. Rc1 d3 32. Bxc5 Qxc5+ 33. Kh1 d2 34. Rb1 Nxa4 0-1